000 01041nam a22002657a 4500
999 _c64017
_d64017
005 20240530110710.0
008 180130s2015 ua g b 000 p ara d
017 _a2014/14627
_bمصر. دار الكتب
020 _a9789774991424
040 _aEG-CaGPL
_cEG-CaGPL
082 0 4 _221
_a811.009 /
_bر م
100 0 _aراوية يحياوى
245 1 0 _aمن القصيدة الى الكتابة :
_bتحولات النص الشعرى فى الكتاب لادونيس /
_cراوية يحياوى
250 _aط. 1
260 _aالقاهرة :
_bرؤية للنشر و التوزيع ،
_c2015.
300 _a531 ص. ؛
_c24 سم.
504 _aيشتمل على ارجاعات ببليوجرافية
650 0 7 _2qrmak
_aالادب العربى
650 0 7 _2qrmak
_aالشعر العربى
650 0 7 _2qrmak
_aالشعر العربى
_xدواوين وقصائد
650 0 7 _2qrmak
_aالشعر العربى
_xتاريخ ونقد
651 _2qrmak
942 _2ddc
_cBK